In italiano : Unitá 2 /

Guardado en:
Autor Principal: Chiuchiú.
Formato: Deslizar
Series:Corso di lingua e civilitá
Materias:
Etiquetas: Agregar Etiqueta
Sin Etiquetas, Sea el primero en etiquetar este registro!
LEADER 00924ngm a22002295g 4500
001 CEM.cems022102
008 130507b1994##################0###0#####d
005 20241004141213.0
245 1 0 |a In italiano :  |b Unitá 2 /  |c Chiuchiú, Angelo y otros. 
300 |a 26'. 
490 1 |a Corso di lingua e civilitá 
500 |a En soporte VHS, consultar en ventanilla. 
505 0 |a Seconda unitá: in segretaria (avere: indicativo presente). C'é, ci, sono, sul, sulla, nel, nella. Nonni e aggettivi in "e". Che cosa é? Che cosa sono? Giorni della settimana. Elementi di civilitá: L'Italia. 
538 |a Soporte: VHS - Norma: Pal N - Color - Grabación DRD 1994 - Hitachi=2245 
100 1 |a Chiuchiú. 
082 4 5 |/ RAI-1 
653 |a LENGUA Y LITERATURA 
653 |a IDIOMA 
653 |a ITALIANO 
653 |a ITALIA 
653 |a NIVEL SECUNDARIO 
859 |a CEMS  |b BIB. CEMS - Depto. Recursos Didacticos  |h 451  |i RAI-1  |k DRD  |p 745.12  |t Ej.1